[Event "Warsaw"]
[Site "Warsaw"]
[Date "1983.??.??"]
[Round "5"]
[White "Szymczak, Zbigniew"]
[Black "Sydor, Andrzej"]
[Result "0-1"]
[WhiteElo "2460"]
[BlackElo "2405"]

1.Nf3 d5 2.c4 e6 3.g3 dxc4 4.Bg2 Nd7 5.Qa4 c5 6.O-O Ne7 7.Qxc4 Nc6 8.a3 Be7
9.b4 cxb4 10.axb4 Nxb4 11.Ba3 a5 12.Nc3 O-O 13.Rfb1 Nc2 14.Bxe7 Qxe7 15.Nd5 exd5
16.Qxc2 Qxe2 17.Ra4 Nf6 18.Re1 Qb5 19.Rf4 Re8 20.Ne5 Be6 21.Bf1 Qb6 22.Rb1 Qd6
23.Nf3 Rec8 24.Qb2 a4 25.Rxf6 gxf6 26.Qxf6 Qd8 27.Qf4 a3 28.Bd3 a2 29.Ra1 Kg7
30.Qd4+ Qf6 31.Ne5 Kg8 32.g4 Ra3 33.f4 Bxg4 34.Qxd5 Qxf4 35.Bc4 Be6 36.Qg2+ Kh8
37.Bxe6 Qd4+  0-1

[Event "Warsaw"]
[Site "Warsaw"]
[Date "1983.??.??"]
[Round "15"]
[White "Szymczak, Zbigniew"]
[Black "Skrobek, Ryszard"]
[Result "1/2-1/2"]
[WhiteElo "2460"]
[BlackElo "2420"]

1.Nf3 d5 2.c4 e6 3.d4 Nf6 4.Nc3 Bb4 5.cxd5 exd5 6.Bg5 O-O 7.e3 c6 8.Bd3 Nbd7
9.O-O Re8 10.Qc2 Nf8 11.a3 Be7 12.Bxf6 Bxf6 13.b4 a6 14.a4 Qd6 15.Rab1 Bg4
16.Nd2  1/2-1/2

[Event "ARM-chJ"]
[Site "Yerevan"]
[Date "1983.??.??"]
[Round "7"]
[White "Anastasian, Ashot"]
[Black "Tavadian, Ragik"]
[Result "1-0"]
[WhiteElo "2200"]
[BlackElo "2260"]

1.Nf3 d5 2.c4 e6 3.g3 Nf6 4.Bg2 c5 5.O-O Nc6 6.cxd5 exd5 7.d4 Be7 8.Nc3 O-O
9.dxc5 Bxc5 10.Bg5 d4 11.Bxf6 Qxf6 12.Ne4 Qe7 13.Nxc5 Qxc5 14.Qd2 Rd8 15.Rac1 Qb5
16.Ne1 Be6 17.b3 Ne5 18.Rc7 Rab8 19.Nd3 Nxd3 20.exd3 Rd7 21.Rfc1 Rxc7 22.Rxc7 g6
23.Be4 Rc8 24.Rxb7 Qc5 25.Qf4 Kg7 26.Kg2 a5 27.h4 h6 28.a4 g5 29.hxg5 hxg5
30.Qd2 Kf6 31.Rb5 Qc1 32.Qxc1 Rxc1 33.Rxa5 Bxb3 34.Rf5+ Ke6 35.Rxg5 Bxa4
36.Rd5  1-0

[Event "Augsburg"]
[Site "Augsburg"]
[Date "1984.??.??"]
[Round "?"]
[White "Spreng, Simon"]
[Black "Krewson"]
[Result "1-0"]
[WhiteElo "2320"]
[BlackElo "2200"]

1.Nf3 d5 2.c4 e6 3.d4 Nf6 4.g3 c5 5.Bg2 Nc6 6.cxd5 exd5 7.O-O Be7 8.Nc3 O-O
9.Bg5 c4 10.Ne5 Be6 11.b3 cxb3 12.Nxc6 bxc6 13.axb3 Qb6 14.Qd3 a5 15.Na4 Qb7
16.Rfc1 h6 17.Bxf6 Bxf6 18.Qc3 Rfc8 19.Nc5 Qb6 20.e3 Bf5 21.Bf1 Be7 22.Bd3 Bxd3
23.Qxd3 Bd6 24.Qf5 Qc7 25.Rc3 Rcb8 26.Rac1 g6 27.Qd7 Qxd7 28.Nxd7 Rb7 29.Nf6+ Kg7
30.Rxc6 Ba3 31.Rb1 a4 32.Nxd5 Rxb3 33.Rb6 Rxb1+ 34.Rxb1 Bf8 35.Nc3 a3 36.Na2 Rc8
37.Rc1 Rb8 38.Rc2 Rb1+ 39.Kg2 Bb4 40.Nxb4 Rxb4 41.Kf3 Rb2 42.Rc7 a2 43.Ra7 Kf6
44.h4 Ke6 45.e4 Kd6 46.Ke3 Kc6 47.f3 Kb5 48.Kf4 Kc4 49.Ke5 Kb3 50.d5  1-0

[Event "FRG-ch"]
[Site "Bad Neuenahr"]
[Date "1984.??.??"]
[Round "?"]
[White "Eng, Holger"]
[Black "Glienke, Manfred"]
[Result "1/2-1/2"]
[WhiteElo "2350"]
[BlackElo "2335"]

1.Nf3 d5 2.c4 e6 3.d4 Nf6 4.Nc3 Be7 5.Bg5 O-O 6.e3 Nbd7 7.cxd5 exd5 8.Bd3 c5
9.O-O b6 10.dxc5 bxc5 11.e4 dxe4 12.Nxe4 c4 13.Nxf6+ Bxf6 14.Bxf6 Qxf6 15.Bxc4 Qxb2
16.Rb1 Qf6 17.Qd4 Qxd4 18.Nxd4 Nb6 19.Bb3 Bd7 20.Nf3 Rfe8 21.Rbc1 h6 22.Rc7 Rec8
23.Rb7 Rcb8 24.Rxb8+ Rxb8 25.Ne5 Be8 26.Rd1 a5 27.Rd4 Rc8 28.h4 a4 29.Bd1 Rc5
30.Nd3  1/2-1/2

[Event "FRG-ch"]
[Site "Bad Neuenahr"]
[Date "1984.??.??"]
[Round "?"]
[White "Bischoff, Klaus"]
[Black "Sieglen, Joachim"]
[Result "1/2-1/2"]
[WhiteElo "2395"]
[BlackElo "2260"]

1.Nf3 d5 2.c4 dxc4 3.Na3 f6 4.Nxc4 e5 5.g3 Be6 6.b3 c5 7.Bg2 Nc6 8.O-O Nh6
9.Bb2 Be7 10.e3 Qd3 11.Ne1 Qd7 12.f4 exf4 13.gxf4 O-O-O 14.Nf3 Rhg8 15.Qe2 Bh3  1/2-1/2

[Event "FRG-ch"]
[Site "Bad Neuenahr"]
[Date "1984.??.??"]
[Round "?"]
[White "Eng, Holger"]
[Black "Pachman, Ludek"]
[Result "1/2-1/2"]
[WhiteElo "2350"]
[BlackElo "2440"]

1.Nf3 d5 2.c4 e6 3.d4 Nf6 4.Nc3 c5 5.cxd5 Nxd5 6.e3 Nc6 7.Bd3 Be7 8.O-O O-O
9.Re1 b6 10.Nxd5 exd5 11.dxc5 Bxc5 12.a3 a5 13.Bd2 Bg4 14.Bc3 d4 15.exd4 Nxd4
16.Bxd4 Bxf3 17.Qxf3 Qxd4 18.b3 Rad8 19.Rad1 Qf6 20.Qxf6 gxf6 21.a4 Rd4 22.Re4 Rfd8
23.Rxd4 Rxd4 24.Kf1 f5 25.Ke2 f4 26.g4 fxg3  1/2-1/2

[Event "Alfoldi mem (Women)"]
[Site "Budapest"]
[Date "1984.??.??"]
[Round "?"]
[White "Voiska, Margarita"]
[Black "Madl, Ildiko"]
[Result "1-0"]
[WhiteElo "2115"]
[BlackElo "2060"]

1.Nf3 d5 2.c4 e6 3.g3 c5 4.Bg2 Nc6 5.O-O Nf6 6.b3 Be7 7.e3 O-O 8.Bb2 b6 9.Qe2 Bb7
10.Rd1 Qc7 11.Nc3 Rad8 12.cxd5 exd5 13.d4 Qb8 14.Rac1 Nb4 15.Ne5 Nd7 16.Nxd7 Rxd7
17.dxc5 bxc5 18.Ne4 Qc8 19.Rxc5 Qd8 20.Qg4 f6 21.Bh3 Bc8 22.Rxc8 Qxc8 23.Qxd7 Qxd7
24.Bxd7 dxe4 25.Be6+ Kh8 26.Rd7 Bc5 27.Bd4 Bxd4 28.Rxd4 Nxa2 29.Ra4 Nc1 30.Rxa7 Rd8
31.b4 Rd1+ 32.Kg2 g6 33.b5 Rd6 34.Ra6 Rd8 35.b6 Nd3 36.Ra7 Ne5 37.b7 Nc6
38.Ra8 Nb8 39.Bc8  1-0

[Event "Midwest Masters-B"]
[Site "Chicago"]
[Date "1984.??.??"]
[Round "1"]
[White "Kuroda, P."]
[Black "Van Meter, Lester"]
[Result "1-0"]
[WhiteElo "2410"]
[BlackElo "2270"]

1.Nf3 d5 2.c4 c6 3.cxd5 cxd5 4.d4 Nf6 5.Nc3 Nc6 6.Bf4 Bf5 7.e3 e6 8.Ne5 Nd7
9.Nxc6 bxc6 10.Ba6 Qb6 11.Qe2 Bb4 12.O-O Bxc3 13.bxc3 O-O 14.a4 e5 15.a5 Qc7
16.Bg3 f6 17.c4 Nb8 18.cxd5 Nxa6 19.Qxa6 cxd5 20.Rfc1 Qe7 21.Rc5 Rac8 22.Rac1 Rxc5
23.dxc5 Rc8 24.Qb5 Bd7 25.Qb4 Bc6 26.h3 Qc7 27.f4 Rb8 28.Qd2 Re8 29.fxe5 fxe5
30.Qc3 d4 31.exd4 Qb7 32.Bxe5 Rf8 33.Qg3 Rf7 34.Kh2 g6 35.Rc2 Be4 36.Rf2 Bd5
37.Bf6 Qc7 38.Qxc7 Rxc7 39.Re2 Kf7 40.Bg5 Rd7 41.Kg3 Bc6 42.Rf2+ Ke6 43.Rf6+ Kd5
44.Kf2 a6 45.Bf4 Bb5 46.Be5 Rd8 47.Ke3  1-0

[Event "Politiken Cup"]
[Site "Copenhagen"]
[Date "1984.??.??"]
[Round "8"]
[White "Cramling, Dan"]
[Black "Heyken, Enno"]
[Result "1/2-1/2"]
[WhiteElo "2380"]
[BlackElo "2300"]

1.Nf3 d5 2.c4 d4 3.e4 c5 4.d3 Nc6 5.Be2 e5 6.O-O Nf6 7.Nbd2 Be7 8.a3 O-O
9.Rb1 a5 10.Kh1 Be6 11.Ne1 Qd7 12.g3 Ne8 13.f4 exf4 14.gxf4 f5 15.Ndf3 Nd6
16.e5 Nf7 17.Nc2 Rfb8 18.a4 Kh8 19.Nce1 Rg8 20.Rg1 g6 21.Bf1 Rg7 22.b3 Rag8
23.h4 h6 24.Rb2 Rh7 25.Rh2 Rgg7 26.Qe2 Qd8 27.Rgg2 Qg8  1/2-1/2

[Event "CUB-ch"]
[Site "CUB"]
[Date "1984.??.??"]
[Round "8"]
[White "Nogueiras, Jesus"]
[Black "Diaz, Joaquin C"]
[Result "1-0"]
[WhiteElo "2470"]
[BlackElo "2405"]

1.Nf3 d5 2.c4 e6 3.g3 Nf6 4.Bg2 Be7 5.O-O dxc4 6.Na3 Bxa3 7.bxa3 O-O 8.Qc2 Qd5
9.Bb2 Nc6 10.Rac1 Na5 11.Bc3 c6 12.Ne5 Qd6 13.Nf3 Qxa3 14.Ng5 h6 15.Bxf6 hxg5
16.Bb2 Qb4 17.Rb1 Rd8 18.Bxg7 Qxd2 19.Qc3 e5 20.Qxe5 Rd5 21.Bxd5 Qxd5 22.Rbd1 Qxe5
23.Bxe5 Bh3 24.Bc3 Bxf1 25.Kxf1 b6 26.Bxa5 bxa5 27.Rd4 Rb8 28.Rxc4 Rb1+ 29.Kg2 Rb2
30.e3 Rxa2 31.Rxc6 Kg7 32.h3 a4 33.Ra6 a3 34.Rxa7 Kg6 35.Ra6+ Kf5 36.Ra5+ Kf6
37.g4 Ra1 38.f4 gxf4 39.exf4 a2 40.Ra6+ Kg7 41.g5 f6 42.h4 Kg6 43.Rxf6+ Kh5
44.Ra6 Kxh4 45.g6 Rb1 46.Rxa2 Kg4 47.Ra8 Rb7  1-0

[Event "Dresden"]
[Site "Dresden"]
[Date "1984.??.??"]
[Round "3"]
[White "Kochyev, Alexander"]
[Black "Enders, Peter"]
[Result "1-0"]
[WhiteElo "2450"]
[BlackElo "2365"]

1.Nf3 d5 2.c4 e6 3.d4 c6 4.Qc2 Nf6 5.g3 Be7 6.Bg2 O-O 7.O-O Nbd7 8.b3 Ne4
9.Nbd2 f5 10.Rb1 Qe8 11.b4 a6 12.a4 Bf6 13.Bb2 Qe7 14.b5 axb5 15.axb5 Nb6
16.Ra1 Bd7 17.c5 Rxa1 18.Rxa1 Nxd2 19.Nxd2 Nc8 20.bxc6 Bxc6 21.Nf3 Qd7 22.Bc1 Ne7
23.Bf4 Ng6 24.Bd6 Be7 25.Bxe7 Qxe7 26.e3 e5 27.dxe5 Nxe5 28.Nxe5 Qxe5 29.Rd1 Ra8
30.h4 Ra1 31.Rxa1 Qxa1+ 32.Kh2 Qa3 33.h5 g6 34.g4 Qa1 35.Qd2 Kg7 36.h6+ Kxh6
37.e4+ g5 38.exd5 Bd7 39.c6 Bc8 40.d6 bxc6 41.d7 Bxd7 42.Qd6+ Kg7 43.Qxd7+ Kh6
44.Qxc6+  1-0

[Event "Hamburg op"]
[Site "Hamburg"]
[Date "1984.??.??"]
[Round "4"]
[White "Eng, Holger"]
[Black "Westerinen, Heikki MJ"]
[Result "1-0"]
[WhiteElo "2345"]
[BlackElo "2415"]

1.Nf3 d5 2.c4 e6 3.d4 Nf6 4.Nc3 Nbd7 5.Bf4 c6 6.e3 Be7 7.Rc1 Nh5 8.cxd5 exd5
9.Be5 Nxe5 10.Nxe5 Nf6 11.Bd3 Bd6 12.f4 O-O 13.O-O Re8 14.Qf3 Re7 15.Kh1 Qb6
16.Rc2 Bd7 17.g4 g6 18.f5 g5 19.h4 Bxe5 20.hxg5 Bxd4 21.exd4 Qxd4 22.Ne2 Qxg4
23.gxf6 Qh4+ 24.Kg1 Qxf6 25.Nf4 Kh8 26.Rh2 Bxf5 27.Kh1 Qe5 28.Nh5 Bxd3 29.Qxd3 f5
30.Rxf5 Qe4+ 31.Qxe4 dxe4 32.Nf6 Rf8 33.Re5 Rg7 34.Rh6 Rgf7 35.Nxe4 Rf5 36.Re7 R8f7
37.Rxf7 Rxf7 38.Kg2 Kg7 39.Rh3 Rf4 40.Nd6 Rb4 41.b3 Rb6 42.Rf3 Kg6 43.Kg3 Ra6
44.Rf2 Rb6 45.Kf4 Kf6 46.Ke4+ Ke6 47.Nc4 Rb5 48.Rf8 Rh5 49.Re8+ Kd7 50.Rg8 Rh4+
51.Kd3 b5 52.Rg7+ Ke6 53.Na5 Kd5 54.Rg5+ Kd6 55.Nb7+ Kc7 56.Nc5 a5 57.Rg2 Kb6
58.Rc2 Rh3+ 59.Kd4 Rh4+ 60.Ne4 Rh1 61.Nf6 h5 62.Nd7+ Kc7 63.Ne5 Rd1+ 64.Ke4 Rd6
65.Rh2 Rh6 66.Kf5 c5 67.Rc2 c4 68.bxc4 bxc4 69.Rxc4+ Kb6 70.Rh4 Kc5 71.Nd3+ Kb5
72.a4+ Kb6 73.Ke5 Rc6 74.Kd5 Rc3 75.Nf4  1-0

[Event "Hamburg op"]
[Site "Hamburg"]
[Date "1984.??.??"]
[Round "5"]
[White "Kuligowski, Adam"]
[Black "Franke, Heribert"]
[Result "1-0"]
[WhiteElo "2415"]
[BlackElo "2315"]

1.Nf3 d5 2.c4 c6 3.b3 Bg4 4.e3 e6 5.Bb2 Nd7 6.Be2 Ngf6 7.Qc1 Bd6 8.Ba3 Qe7
9.Bxd6 Qxd6 10.Qa3 Ke7 11.h3 Bxf3 12.Qxd6+ Kxd6 13.Bxf3 e5 14.Be2 d4 15.d3 b5
16.exd4 exd4 17.cxb5 cxb5 18.Na3 b4 19.Nc4+ Kc5 20.Kd2 Nd5 21.Bf3 Rae8 22.a3 Nc3
23.axb4+ Kxb4 24.Rxa7 Nc5 25.Na5 Re6 26.Nc6+ Rxc6 27.Bxc6 Kxb3 28.Bd5+ Kb2
29.Bxf7 Rf8 30.f3 Nb1+ 31.Rxb1+ Kxb1 32.Ba2+ Kb2 33.Bc4 g5 34.Rxh7 Rb8 35.Ra7 Rb4
36.Rc7 Na4 37.Rd7 Nc5 38.Rg7 Na4 39.Rxg5 Nc3 40.h4 Rb7 41.Rg6 Nb1+  1-0

[Event "Hamburg op"]
[Site "Hamburg"]
[Date "1984.??.??"]
[Round "8"]
[White "Werner, Dimo"]
[Black "Barczay, Laszlo"]
[Result "1-0"]
[WhiteElo "2365"]
[BlackElo "2390"]

1.Nf3 d5 2.c4 e6 3.d4 c5 4.cxd5 exd5 5.Nc3 Nc6 6.g3 Nf6 7.Bg2 Be7 8.O-O O-O
9.Bg5 cxd4 10.Nxd4 h6 11.Be3 Re8 12.Qb3 Na5 13.Qc2 Nc4 14.Bc1 Nb6 15.a4 a5
16.Ncb5 Bd7 17.Bf4 Bxb5 18.Nxb5 Rc8 19.Qd3 Qd7 20.b3 Bc5 21.Rac1 Ne4 22.Bxe4 dxe4
23.Qxd7 Nxd7 24.Rfd1 Ne5 25.Rd5 b6 26.Rxe5 Rxe5 27.Bxe5 Bxf2+ 28.Kxf2 Rxc1
29.Bc7 Rc6 30.Ke3 f5 31.Kd4 g5 32.Ke5 Rc5+ 33.Kf6 Kh7 34.Be5 f4 35.gxf4 g4  1-0

[Event "Hamburg op"]
[Site "Hamburg"]
[Date "1984.??.??"]
[Round "10"]
[White "Eng, Holger"]
[Black "Velikov, Petar"]
[Result "0-1"]
[WhiteElo "2345"]
[BlackElo "2460"]

1.Nf3 d5 2.c4 c6 3.e3 Nf6 4.Nc3 e6 5.b3 Nbd7 6.Bb2 Bd6 7.d4 O-O 8.Bd3 Re8
9.Qc2 Qe7 10.Rd1 dxc4 11.Bxc4 h6 12.O-O e5 13.Nh4 Nf8 14.Nf5 Bxf5 15.Qxf5 exd4
16.Rxd4 Be5 17.Rdd1 Rad8 18.Rfe1 N8d7 19.f4 Bc7 20.e4 b5 21.e5 Bb6+ 22.Kf1 Qc5
23.Re2 Qg1+  0-1

[Event "ISR-ch"]
[Site "?"]
[Date "1984.??.??"]
[Round "?"]
[White "Avni, Amatzia"]
[Black "Murrey, Jacob"]
[Result "1/2-1/2"]
[WhiteElo "2225"]
[BlackElo "2435"]

1.Nf3 d5 2.c4 d4 3.g3 Nc6 4.Bg2 g6 5.d3 Bg7 6.O-O e5 7.b4 Nxb4 8.Qa4+ Nc6
9.Nxe5 Bxe5 10.Bxc6+ bxc6 11.Qxc6+ Bd7 12.Qe4 f6 13.f4 Bf5 14.Qc6+ Bd7  1/2-1/2

[Event "Jajce (Women)"]
[Site "Jajce"]
[Date "1984.??.??"]
[Round "?"]
[White "Fischdick, Gisela"]
[Black "Pihajlic, Amalija"]
[Result "1-0"]
[WhiteElo "2215"]
[BlackElo "2090"]

1.Nf3 d5 2.c4 e6 3.d4 c6 4.Nc3 Nf6 5.Bg5 Be7 6.e3 Nbd7 7.cxd5 exd5 8.Qc2 O-O
9.Bd3 Re8 10.O-O-O a5 11.Kb1 Nf8 12.h3 b5 13.Ne5 Qb6 14.Rc1 Bb7 15.Ne2 Ne4
16.Bxe7 Rxe7 17.Bxe4 dxe4 18.Ng3 f6 19.Qb3+ Re6 20.Nd7  1-0

[Event "Jajce (Women)"]
[Site "Jajce"]
[Date "1984.??.??"]
[Round "?"]
[White "Nutu Gajic, Dana"]
[Black "Pihajlic, Amalija"]
[Result "1/2-1/2"]
[WhiteElo "2165"]
[BlackElo "2090"]

1.Nf3 d5 2.c4 c6 3.e3 Bg4 4.cxd5 cxd5 5.Qb3 Qc7 6.Nc3 Bxf3 7.gxf3 e6 8.d4 Nc6
9.Bd2 a6 10.Rc1 Nf6 11.Bd3 Rc8 12.Ne2 Qd7 13.Rg1 g6 14.h4 Be7 15.Ng3 h5 16.Ne2 Kf8
17.Qc2 Na7 18.Qb1 Rxc1+ 19.Bxc1 Nc6 20.Nf4 e5 21.dxe5 Nxe5 22.Be2 d4 23.e4 Kg7
24.b3 Rd8 25.Nd3 Nxd3+ 26.Qxd3 Qc7 27.Bg5 Qa5+ 28.Kf1 Qxa2 29.f4 Qa1+ 30.Kg2 Qc3
31.f5 Qxd3 32.Bxd3 gxf5 33.e5 Nd5 34.Kf3 Kf8 35.Bh6+ Ke8 36.Rg8+ Kd7 37.Bxf5+ Kc7
38.Rg7 Bxh4 39.Rxf7+ Kb6 40.Be4 Nc7 41.Rh7 Re8 42.Bg7 Ne6 43.Rxh5 Nxg7 44.Rxh4 Rxe5
45.Ke2 Nf5 46.Rg4 Nd6 47.Kd3 Nxe4 48.Rxe4 Rf5 49.f4 Rb5 50.Kc4 d3 51.Rd4 a5
52.Kc3 Kc5 53.Rxd3 Rb4 54.Rf3 Rb6 55.Re3 Rf6 56.Re5+ Kc6 57.f5  1/2-1/2

[Event "Bayern-ch"]
[Site "Marktredwitz"]
[Date "1984.??.??"]
[Round "?"]
[White "Kestler, Hans Guenther"]
[Black "Seibold, Hubert"]
[Result "1/2-1/2"]
[WhiteElo "2410"]
[BlackElo "2235"]

1.Nf3 d5 2.c4 c6 3.d4 Nf6 4.cxd5 cxd5 5.Nc3 Nc6 6.Bf4 Bf5 7.e3 e6 8.Qb3 Bb4
9.Be2 O-O 10.O-O Bxc3 11.Qxc3 Qb6 12.Nd2 Rfc8 13.Rfc1 Ne4 14.Nxe4 Bxe4 15.Bd6 Qd8
16.Qa3 Nxd4 17.Ba6 Rxc1+ 18.Rxc1 bxa6 19.Be7 Rc8 20.Rc5 Rxc5 21.Qxc5 Ne2+
22.Kf1 Qb8 23.b3 Bd3 24.Ke1 h6 25.Kd2 Bb5 26.a4 Bd7 27.Kxe2 Qxb3 28.a5 Qa4
29.Qb4 Qc2+ 30.Kf3 Bb5 31.h3 e5 32.Kg3 Qf5 33.Qg4 Qxg4+ 34.Kxg4 f6 35.f3 Kf7
36.Bc5 g6 37.Kg3 Ke6 38.Kf2 Kd7 39.g3 h5 40.h4 Ke6 41.Bxa7 Kf5 42.Bb6 Be8
43.Bd8 d4 44.exd4 exd4 45.Ke2 Bb5+ 46.Kf2 Ke5 47.Be7 f5 48.Bd8 Kd5 49.f4 Kc4
50.Bb6 Kc3 51.Ke1 Bd3 52.Kf2  1/2-1/2

[Event "Naleczow"]
[Site "Naleczow"]
[Date "1984.??.??"]
[Round "?"]
[White "Spiridonov, Nikola"]
[Black "Bany, Jerzy"]
[Result "1/2-1/2"]
[WhiteElo "2415"]
[BlackElo "2460"]

1.Nf3 d5 2.c4 c6 3.b3 Bg4 4.e3 e6 5.Bb2 Nf6 6.Be2 Nbd7 7.O-O Be7 8.d3 O-O
9.Nbd2 a5 10.cxd5 cxd5 11.a3 Qb6 12.Nd4 Bxe2 13.Qxe2 Rfc8 14.Rfc1 Ne8 15.N4f3 Qa6
16.Kf1 Nc5 17.Ne1 Qb6 18.Bd4 Bf6 19.Rxc5 Rxc5 20.Bxc5 Qxc5 21.d4 Qc7 22.g3 Rc8
23.Qd3 Be7 24.Ke2 Nd6 25.a4 Qb6 26.Ra2 g6 27.Rc2 Rc6 28.Rxc6  1/2-1/2

[Event "Neskaupstad"]
[Site "Neskaupstad"]
[Date "1984.??.??"]
[Round "?"]
[White "Schussler, Harry"]
[Black "Knezevic, Milorad"]
[Result "0-1"]
[WhiteElo "2445"]
[BlackElo "2450"]

1.Nf3 d5 2.c4 c6 3.d4 Nf6 4.Qb3 dxc4 5.Qxc4 Bf5 6.g3 e6 7.Bg2 Nbd7 8.Nc3 Be7
9.O-O O-O 10.Bg5 h6 11.Bxf6 Nxf6 12.Ne5 Qb6 13.Na4 Qc7 14.Nc5 Bxc5 15.Qxc5 Rfd8
16.Rfd1 Rd6 17.Nc4 Rd7 18.Ne5 Rd6 19.Rac1 Bh7 20.Nc4 Rd7 21.Ne5 Rd6 22.b4 Nd7
23.Nxd7 Qxd7 24.b5 cxb5 25.Bxb7 Rd8 26.Bc6 Qe7 27.Bxb5 e5 28.d5 Bf5 29.Bc6 Bh3
30.Rb1 f5 31.Rb7 Qf6 32.Rdb1 f4 33.Rxa7 e4 34.Ra4 e3 35.Re1 Rf8 36.f3 Qg6
37.Kh1 fxg3 38.hxg3 Rb8 39.Qxe3 Qxg3  0-1

[Event "New York op"]
[Site "New York"]
[Date "1984.??.??"]
[Round "1"]
[White "Trosclair, Wayne"]
[Black "Bellon Lopez, Juan Manuel"]
[Result "1/2-1/2"]
[WhiteElo "2200"]
[BlackElo "2425"]

1.Nf3 d5 2.c4 c6 3.d4 Nf6 4.Qc2 g6 5.Bf4 Bg7 6.e3 O-O 7.Nbd2 Qa5 8.Bd3 dxc4
9.Bxc4 Bf5 10.Bd3 Bxd3 11.Qxd3 Nd5 12.Be5 Bh6 13.O-O Nd7 14.Bg3 Rad8 15.a3 Rfe8
16.b4 Qb5 17.Qb3 Ra8 18.Rfb1 a5 19.a4 Qb6 20.Nc4 Qxb4 21.Qd3 Qc3 22.Qxc3 Nxc3
23.Rxb7 Ne2+ 24.Kf1 Nxg3+ 25.hxg3 Red8 26.Rxd7 Rxd7 27.Nb6 Rdd8 28.Nxa8 Rxa8
29.Rc1 Rb8 30.Ne5 Rb4 31.Rc4 Rb1+ 32.Ke2 Rb2+ 33.Kf3 f5 34.Rxc6 Ra2 35.g4 fxg4+
36.Nxg4 Bg7 37.Rc4 h5 38.Ne5 Bxe5 39.dxe5 g5 40.g3 Kf7 41.Kg2 Ke6 42.e4 g4
43.Rc6+ Kd7 44.Rc4 Ke6 45.Rc6+ Kf7 46.Rc4 Ra3 47.Rd4 Ke6 48.Rc4 Kd7 49.Kg1 Ke6
50.Kg2  1/2-1/2

[Event "New York op"]
[Site "New York"]
[Date "1984.??.??"]
[Round "3"]
[White "Trosclair, Wayne"]
[Black "Hjartarson, Johann"]
[Result "0-1"]
[WhiteElo "2200"]
[BlackElo "2415"]

1.Nf3 d5 2.c4 e6 3.g3 Nf6 4.Bg2 c5 5.O-O Nc6 6.d4 Be7 7.cxd5 Nxd5 8.Nc3 O-O
9.e4 Nb6 10.d5 exd5 11.exd5 Nb4 12.Ne5 Bf6 13.f4 Bf5 14.a3 Nc2 15.Ra2 Rc8
16.g4 Bxe5 17.fxe5 Bg6 18.b3 Nd4 19.Be3 Nd7 20.e6 Ne5 21.Bxd4 cxd4 22.Qxd4 Qb6
23.Qxb6 axb6 24.Ne4 fxe6 25.Rxf8+ Kxf8 26.h3 exd5 27.Ng5 h6 28.Ne6+ Ke7 29.Nxg7 d4
30.Rd2 d3 31.Kf2 Rc3 32.Bd5 Kd6 33.Bg8 Rc2 34.Ke3 Rc8 35.Bc4 Rxc4 36.bxc4 Nxc4+
37.Kd4 Nxd2 38.Nf5+ Bxf5 39.gxf5 Nc4  0-1

[Event "Nuoro"]
[Site "Nuoro"]
[Date "1984.??.??"]
[Round "?"]
[White "Ivkov, Borislav"]
[Black "Arlandi, Ennio"]
[Result "0-1"]
[WhiteElo "2475"]
[BlackElo "2315"]

1.Nf3 d5 2.c4 e6 3.b3 Nf6 4.Bb2 c5 5.e3 Nc6 6.cxd5 exd5 7.Be2 Be7 8.d4 O-O
9.O-O Ne4 10.dxc5 Nxc5 11.Nc3 Bf6 12.Rc1 Ne4 13.Rc2 Nb4 14.Nxe4 dxe4 15.Rd2 exf3
16.Rxd8 Rxd8 17.Bd4 fxe2 18.Qxe2 Bxd4 19.exd4 Be6 20.Qb5 Nxa2 21.Qxb7 a5
22.h4 Rdb8 23.Qf3 Bxb3 24.Re1 a4 25.d5 Nb4 26.d6 Bd5 27.Qc3 a3 28.d7 Be6
29.d8=Q+ Rxd8 30.Qxb4 a2 31.Ra1 Rab8 32.Qa5 Ra8 33.Qc3 Rdb8 34.Qd3 g6 35.h5 Bf5
36.Qd4 Rb1+ 37.Kh2 Rxa1 38.Qxa1 gxh5 39.Kg3 Be6 40.Kh4 Ra5 41.f3 h6 42.g4 hxg4
43.fxg4 Kh7 44.g5 hxg5+ 45.Kh5 g4+ 46.Kh4 Kg6 47.Kg3 f6 48.Kh4 Rh5+ 49.Kg3 Rh3+
50.Kf4 Rf3+ 51.Ke4 Rb3  0-1

[Event "NOR-ch"]
[Site "Oslo"]
[Date "1984.??.??"]
[Round "4"]
[White "Heiberg, T."]
[Black "Hovde, Frank"]
[Result "1-0"]
[WhiteElo "2200"]
[BlackElo "2205"]

1.Nf3 d5 2.c4 d4 3.e3 c5 4.b4 dxe3 5.fxe3 cxb4 6.d4 e6 7.Bd3 Nc6 8.O-O Nf6
9.Bb2 Be7 10.Nbd2 O-O 11.Qe2 Nd7 12.Kh1 a5 13.e4 f6 14.e5 fxe5 15.d5 Nc5
16.Bxh7+ Kxh7 17.dxc6 Rf5 18.Nxe5 Qe8 19.Ne4 Na4 20.Bd4 bxc6 21.g4 Rxf1+
22.Rxf1 c5 23.g5 g6 24.Rf7+ Kg8 25.Rxe7 Qxe7 26.Nf6+ Kg7 27.Qc2  1-0

[Event "CAN-ch"]
[Site "Ottawa"]
[Date "1984.??.??"]
[Round "4"]
[White "Horton, Joe"]
[Black "Hartman, Brian"]
[Result "0-1"]
[WhiteElo "2200"]
[BlackElo "2230"]

1.Nf3 d5 2.c4 d4 3.e3 Nc6 4.b4 dxe3 5.fxe3 Nxb4 6.d4 e5 7.a3 Nc6 8.d5 e4
9.Nfd2 Ne5 10.Qh5 Bd6 11.Nxe4 Nf6 12.Nxd6+ cxd6 13.Qg5 O-O 14.Be2 h6 15.Qh4 Bg4
16.Bxg4 Nfxg4 17.Qxd8 Rfxd8 18.h3 Nf6 19.Nd2 Rac8 20.Rb1 b6 21.Bb2 Nfd7 22.Bxe5 Nxe5
23.Ke2 Nxc4 24.Nxc4 Rxc4 25.Rhc1 Rdc8 26.Rxc4 Rxc4 27.Kd3 Rc5 28.e4 Kf8 29.Kd4 Ke7
30.Rb3 Ra5 31.Rc3 Ra4+ 32.Ke3 Kf6 33.Kf4 g5+ 34.Kf3 Ke5 35.Re3 h5 36.Rc3 b5
37.Rb3 a6 38.Re3 Rc4 39.g4 h4 40.Kg2 Rxe4 41.Rd3 a5 42.Rf3 Rf4 43.Rd3 b4
44.axb4 axb4  0-1

[Event "Pernik"]
[Site "Pernik"]
[Date "1984.??.??"]
[Round "1"]
[White "Szekely, Peter"]
[Black "Karolyi, Tibor Jr"]
[Result "1/2-1/2"]
[WhiteElo "2430"]
[BlackElo "2410"]

1.Nf3 d5 2.c4 e6 3.g3 Nf6 4.Bg2 dxc4 5.Qa4+ Nbd7 6.Qxc4 a6 7.Qc2 c5 8.Nc3 Ra7
9.O-O b6 10.d4 Bb7 11.dxc5 Bxc5 12.a3 O-O 13.b4  1/2-1/2

[Event "Pernik"]
[Site "Pernik"]
[Date "1984.??.??"]
[Round "5"]
[White "Szekely, Peter"]
[Black "Velikov, Petar"]
[Result "1/2-1/2"]
[WhiteElo "2430"]
[BlackElo "2465"]

1.Nf3 d5 2.c4 c6 3.cxd5 cxd5 4.d4 Nc6 5.Nc3 Nf6 6.Bf4 a6 7.Rc1 Bf5 8.a3 e6
9.e3 Bd6 10.Bxd6 Qxd6 11.Bd3 Bxd3 12.Qxd3 O-O 13.O-O Na5 14.Rc2 Rfc8 15.Rfc1 Nd7  1/2-1/2

[Event "Kamen Piskov mem 4"]
[Site "Ruse"]
[Date "1984.??.??"]
[Round "10"]
[White "Bitman, Alexander R"]
[Black "Gunev, Zlatan"]
[Result "1-0"]
[WhiteElo "2365"]
[BlackElo "2275"]

1.Nf3 d5 2.c4 e6 3.g3 Nf6 4.Bg2 Be7 5.O-O O-O 6.d4 Nbd7 7.b3 c5 8.cxd5 Nxd5
9.e4 N5f6 10.Nc3 cxd4 11.Nxd4 Qa5 12.Bd2 Qc5 13.Ndb5 a6 14.Be3 Qh5 15.Qxh5 Nxh5
16.Nc7 Rb8 17.Ba7 Bd6 18.Bxb8 Nxb8 19.Na8 Nd7 20.Rfd1 Bb8 21.a4 b6 22.f4 Nhf6
23.e5 Ng4 24.Bf3 Ne3 25.Rd3 Nc2 26.Rad1 Bxe5 27.fxe5 Nxe5 28.Nxb6 Nxd3 29.Rxd3 Ne1
30.Re3 Nxf3+ 31.Rxf3 Bb7 32.Rd3 g5 33.Rd7 Bf3 34.Kf2 g4 35.a5 Kg7 36.Ke3 h5
37.Ne4 Kg6 38.h4 f6 39.Ra7 Rd8 40.Nd7 Rc8 41.Ndxf6 Rb8 42.Rxa6 Rxb3+ 43.Kf4 Rb5
44.Nd7 Bxe4 45.Rxe6+ Kf7 46.Rxe4 Rxa5 47.Ne5+ Kf6 48.Nxg4+  1-0

[Event "Thessaloniki ol (Women)"]
[Site "Thessaloniki"]
[Date "1984.??.??"]
[Round "5"]
[White "Cramling, Pia"]
[Black "Koren, Inna"]
[Result "1-0"]
[WhiteElo "2405"]
[BlackElo "1855"]

1.Nf3 d5 2.c4 c6 3.cxd5 cxd5 4.d4 Nf6 5.Nc3 Nc6 6.Bf4 Bf5 7.e3 e6 8.Ne5 Bd6
9.Bb5 Rc8 10.Bxc6+ bxc6 11.Qa4 Ne4 12.Nxe4 Bxe4 13.f3 Bxe5 14.Bxe5 f6 15.Bg3 Bd3
16.Qxa7 O-O 17.Kd2 Bb5 18.Qc5 Re8 19.a4 Ba6 20.Rac1 e5 21.Rhe1 Qd7 22.Qc2 c5
23.dxc5 d4 24.e4 d3 25.Qb3+ Kh8 26.Qa2 Red8 27.b4 Qd4 28.Qb3 Rb8 29.b5 h6  1-0

[Event "Thessaloniki ol (Women)"]
[Site "Thessaloniki"]
[Date "1984.??.??"]
[Round "6"]
[White "Nutu Gajic, Dana"]
[Black "Feustel, Petra"]
[Result "1-0"]
[WhiteElo "2180"]
[BlackElo "2150"]

1.Nf3 d5 2.c4 d4 3.b4 f6 4.e3 dxe3 5.fxe3 e5 6.a3 c5 7.bxc5 e4 8.Nd4 f5 9.Bb2 Nf6
10.Be2 Bxc5 11.O-O Bxd4 12.Bxd4 O-O 13.Qc2 Nc6 14.Bb2 Be6 15.Nc3 Rc8 16.Nb5 Kh8
17.Nd4 Qd7 18.Nxe6 Qxe6 19.Bc3 Ne5 20.Qb2 Nxc4 21.Qxb7 Qd7 22.Qxd7 Nxd7 23.Rac1 Ncb6
24.Ba6 Rc5 25.Bb4 Rxc1 26.Rxc1 Rf7 27.Bd6 Nf6 28.a4 h6 29.a5 Nbd5 30.Bc8 Ne8
31.Bb8 g6 32.a6 Re7 33.Bb7 Ndc7 34.Bxa7 Kh7 35.Bc5 Rd7 36.a7 Rxd2 37.a8=Q Nxa8
38.Bxa8 Nc7 39.Bb4 Rd7 40.Bc6 Rf7 41.Rd1  1-0

[Event "Thessaloniki ol (Women)"]
[Site "Thessaloniki"]
[Date "1984.??.??"]
[Round "6"]
[White "Muresan, Margareta"]
[Black "Hund, Barbara"]
[Result "1/2-1/2"]
[WhiteElo "2195"]
[BlackElo "2270"]

1.Nf3 d5 2.c4 c6 3.cxd5 cxd5 4.d4 Nc6 5.Nc3 Nf6 6.Bf4 Bf5 7.e3 e6 8.Bb5 Nd7
9.Qa4 Qb6 10.Ne5 Ndxe5 11.Bxe5 f6 12.Bg3 Kf7 13.O-O Be7 14.Rfc1 Rac8 15.Qd1  1/2-1/2

[Event "Thessaloniki ol (Women)"]
[Site "Thessaloniki"]
[Date "1984.??.??"]
[Round "9"]
[White "Nutu Gajic, Dana"]
[Black "Madl, Ildiko"]
[Result "0-1"]
[WhiteElo "2180"]
[BlackElo "2060"]

1.Nf3 d5 2.c4 e6 3.d4 c5 4.cxd5 exd5 5.g3 Nf6 6.Bg2 Be7 7.O-O O-O 8.Nc3 Nc6
9.Bg5 cxd4 10.Nxd4 h6 11.Be3 Re8 12.Qa4 Bd7 13.Rac1 Na5 14.Qc2 Rc8 15.Qd3 Bg4
16.Nf5 Bb4 17.Nxd5 Nxd5 18.Bxd5 Qf6 19.Nd4 Rcd8 20.Qb5 Qd6 21.Bf3 a6 22.Qa4 Bxf3
23.Nxf3 b5 24.Qc2 Nc4 25.Rfd1 Qf6 26.Bd4 Qe6 27.e3 Qg4 28.Ne1 Rc8 29.Qd3 Rcd8
30.Qc2 Rc8 31.f3 Qe6 32.Qe4 Qxe4 33.fxe4 Bxe1 34.Rxe1 Nd2 35.Kf2 Nxe4+ 36.Ke2 Ng5
37.Rf1 Ne6 38.Kd3 Red8 39.Rxc8 Rxc8 40.Rf2 Kf8 41.Rc2 Rxc2 42.Kxc2 Nxd4+
43.exd4 f5 44.d5 Ke7 45.Kd3 Kd6 46.Kd4 a5 47.h4 g5 48.h5 a4 49.b3 a3 50.b4 g4
51.Ke3 Kxd5 52.Kd3 Ke5 53.Ke3 f4+ 54.gxf4+ Kf5 55.Kf2 Kxf4 56.Kg2 Kg5  0-1